000 00558nam a2200217 a 4500
999 _c8055
_d8055
001 8055
003 BD-JhCC
005 20180218082555.0
008 180218s1993 bg a|||| ||a| 000 0 eng d
035 _a(BD-JhCC)8055
040 _aBD-JhCC
_dBD-JhCC
041 _aeng
082 _a383.22
_bBAN 1993
245 _aThe World of Philately /
_cGiasuddin Ahmed
260 _aDhaka :
_bBnagladesh Post Office,
_c1993
300 _a165 p. :
_c20 cm.
650 _aPostal Service
_xPhilately
700 _aAhmed, Giasuddin
942 _2ddc
_cBK